United States and Latin America (Record no. 90036)

MARC details
000 -LEADER
campo de control de longitud fija 00397nam a2200145 i 4500
001 - NÚMERO DE CONTROL
campo de control 90036
003 - IDENTIFICADOR DE NÚMERO DE CONTROL
campo de control ES-MaACL
005 - FECHA Y HORA DE LA ÚLTIMA TRANSACCIÓN
campo de control 20230906180330.0
007 - CAMPO FIJO DE DESCRIPCIÓN FÍSICA--INFORMACIÓN GENERAL
campo de control de longitud fija t|
008 - DATOS DE LONGITUD FIJA--INFORMACIÓN GENERAL
campo de control de longitud fija 050117s1912 xxu ||||1| eng d
100 1# - ENTRADA PRINCIPAL--NOMBRE DE PERSONA
Nombre de persona Leets, Juan.
9 (RLIN) 71214
245 10 - MENCIÓN DEL TÍTULO
Título United States and Latin America
Resto del título : Dollar Diplomacy /
Mención de responsabilidad, etc. Juan Leets.
260 ## - PUBLICACIÓN, DISTRIBUCIÓN, ETC.
Lugar de publicación, distribución, etc. New Orleans :
Nombre del editor, distribuidor, etc. [s.n.],
Fecha de publicación, distribución, etc. 1912.
852 ## - LOCALIZACIÓN
Ubicación ES-MaACL
Número de control de estantería T-1333-F-7
Holdings
Estatus retirado Estado de pérdida Estado de daño No para préstamo Colección Biblioteca de origen Biblioteca actual Ubicación en estantería Fecha de adquisición Fuente de adquisición Total de préstamos Signatura topográfica completa Código de barras Visto por última vez Precio de reemplazo Tipo de ítem Koha
        Colección de folletos Biblioteca del Ateneo de Madrid Biblioteca del Ateneo de Madrid Depósito folletos 17/01/2008     T-1333-F-7 1094027 23/02/2023 23/02/2023 Folleto